| 000 | 00476cam a22002054a 4500 | ||
|---|---|---|---|
| 005 | 20250605164325.0 | ||
| 008 | 250528s ||||||||||||||||||||||||d | ||
| 035 | _a23002 | ||
| 020 | _a9780582231993 | ||
| 040 |
_aGR-AtMCL _bgre _dGR-AtMCL _eAACR2 |
||
| 245 | 1 | _aTHE COMMUNITY OF EUROPE | |
| 250 | _a2 | ||
| 260 | _c1995 | ||
| 300 | _a292 | ||
| 700 | 1 |
_aPostwar World _98590 |
|
| 700 | 1 |
_aUrwin Derek W _98591 |
|
| 942 | _cBK | ||
| 999 |
_c8043 _d8043 |
||